| 000 | 01415cam a22004214i 4500 | ||
|---|---|---|---|
| 003 | PE-LiUPU | ||
| 005 | 20250731183414.0 | ||
| 008 | 190923s2017 pe a r 000 0 spa d | ||
| 020 | _a9972596699 | ||
| 020 | _a9789972596698 | ||
| 035 | _a(Sirsi) a252573 | ||
| 040 |
_aPE-LiUPU _bspa _cPE-LiUPU _erda |
||
| 049 | _aPRUA | ||
| 082 | 0 | 4 |
_a746.434 _bAT _220 |
| 245 | 0 | 0 |
_aPuntos básicos de crochet : _bguía práctica / _cLérida Fernández. |
| 250 | _aPrimera edición. | ||
| 264 | 1 |
_aLima : _bCorporación Gráfica Navarrete, _c2017. |
|
| 300 |
_a32 páginas : _bilustraciones ; _c21 centímetros. |
||
| 336 |
_atext _2rdacontent |
||
| 337 |
_aunmediated _2rdamedia |
||
| 338 |
_avolume _2rdacarrierC0 _bPEPRU |
||
| 490 | 0 | _aA tejer | |
| 505 | 0 | _aAntes de empezar -- Puntos básicos. | |
| 526 | _aP158 | ||
| 526 | _aP146 | ||
| 526 | _aP17 | ||
| 526 | _aP12 | ||
| 526 | _aP06 | ||
| 650 | 0 | 4 |
_aTejidos a crochet _v-Manuales, etc. |
| 650 | 0 | 4 | _aLabores de aguja. |
| 700 | 1 |
_aFernández, Lérida, _eeditor. |
|
| 910 |
_abgr _bncf _cncf _d20190923 |
||
| 942 |
_2ddc _cBOOK |
||
| 994 |
_aC0 _bPEPRU |
||
| 596 | _a1 | ||
| 999 |
_a746.434 AT _wLC _c31802 _i80613 _f2021-11-8 _g3 _lCCODEBUL1 _mBUL _p10.00 _r0 _sY _tBOOK _u2019-9-23 _xEDUCACION _PP20 _0COMPRA _o.STAFF. Colección Ciencias Humanas y Educación _d31802 |
||
| 980 |
_81 _gALBERTO SANCHEZ Responsable de Automatización |
||